Estatísticas para Países com Mais Pescadores

Clique aqui para jogar o quiz

Estatísticas Gerais

  • Esse quiz foi jogado 490 vezes
  • A pontuação média é 6 de 10

Estatísticas das Respostas

PessoasPaís% Correto
9.17 miChina
94%
0.877 miBrasil
94%
9.79 miÍndia
87%
2.67 miIndonésia
78%
1.91 miFilipinas
59%
0.530 miVietnã
54%
1.71 miBangladesh
38%
2.98 miBirmânia
34%
1.48 miNigéria
27%
0.440 miRepública Democrática do Congo
19%

Distribuição das Pontuações

Percentil de Números Respondidos

Porcentagem de Pessoas com Cada Pontuação

Sua Pontuação Histórica

Você não jogou esse quiz